=LDR 00000nam 2200000 4500 =001 NUTBA000000000000027 =005 20151017110911.0 =006 =007 =008 =020 ##$$a 978-602-7996-01-4 =035 ##$$0010-031400000000026 =082 ##$$2 500.501 075 =100 ##$$a HOEDA Manis =245 ##$$a Sinting Dengan Jawaban Ilmiah =260 ##$$a Yogyalarta $b TRans Media Pub $c 2013 =300 ##$$c 185 cm =700 ##$$a Hoeda Manis